Financial Derivatives (Record no. 176593)

MARC details
000 -LEADER
fixed length control field 00380nam a22001697a 4500
005 - DATE AND TIME OF LATEST TRANSACTION
control field 20260209115637.0
020 ## - INTERNATIONAL STANDARD BOOK NUMBER
ISBN 9798886130621
041 ## - LANGUAGE CODE
Language code of text/sound track or separate title English
082 ## - DEWEY DECIMAL CLASSIFICATION NUMBER
Classification number 332.645 R24 BAC
100 ## - MAIN ENTRY--AUTHOR NAME
Personal name Bacha Obiyathulla Ismath
245 ## - TITLE STATEMENT
Title Financial Derivatives
250 ## - EDITION STATEMENT
Edition statement 01
260 ## - PUBLICATION, DISTRIBUTION, ETC. (IMPRINT)
Place of publication London
Name of publisher World Scientific
Year of publication 2024
300 ## - PHYSICAL DESCRIPTION
Number of Pages 536
365 ## - TRADE PRICE
Price amount 2300.00
942 ## - ADDED ENTRY ELEMENTS (KOHA)
Koha item type Books
Holdings
Withdrawn status Lost status Home library Current library Shelving location Date acquired Cost, normal purchase price Full call number Accession Number Cost, replacement price Department Koha item type
    PSG-CAS LIBRARY PSG-CAS LIBRARY AW ROW 11 RACK 160 SELF 1 09/02/2026 2300.00 332.645 R24 BAC 152707 2300.00 Economics Books

Contact Us:

PSGCAS LIBRARY
Phone: 04224303300
Website: http://www.psgcas.ac.in/ | Email: psgcaslib@gmail.com


You are Visitor Number

web counter